<The> Usage of Information in the Innovation Activities of the Slovak Enterprises

Analýza možností vplyvu informácií o trhoch na inovačné aktivity podnikov v Slovenskej republike.

Uložené v:
Podrobná bibliografia
Hlavný autor: Kovaľová, Marcela
Médium: Kapitola
Jazyk:English
Predmet:
Tagy: Pridať tag
Žiadne tagy, Buďte prvý, kto otaguje tento záznam!

MARC

LEADER 00000naa a2200000 4500
001 0252945
005 20220805073118.5
041 0 |a eng 
044 |a SK 
245 1 0 |a <The> Usage of Information in the Innovation Activities of the Slovak Enterprises  |c Marcela Kovaľová 
520 |a Analýza možností vplyvu informácií o trhoch na inovačné aktivity podnikov v Slovenskej republike. 
610 2 0 |a stratégia inovačná 
610 2 0 |a stratégia informačná 
610 2 0 |a trh 
610 2 0 |a podnik 
610 2 0 |a Slovensko 
610 2 0 |a informácie obchodno-ekonomické 
100 1 |a Kovaľová, Marcela